Gaming Quiz

Random Gaming or Video Games Quiz

Video Game Consoles by Power Button Quiz Stats

 Plays Quiz Updated Dec 18, 2018

Challenge
Share
Tweet
Score 0/16 Timer 04:00
4 Plays Today
# System % Correct
2Xbox 360
92.7%
15Wii
83.7%
7PS3
83.4%
4Playstation (PSone)
78.8%
6Gamecube
72.1%
13SNES
69.3%
12NES
68.1%
1N64
62%
# System % Correct
5Atari 2600
47.3%
14Xbox
43.1%
11Dreamcast
38.7%
3Sega Genesis
28.9%
8Intellivision
8.8%
16Sega Master System II
7.8%
10ColecoVision
7.2%
9TurboGrafx-16
3.8%

You're not logged in!

Compare scores with friends on all Sporcle quizzes.
OR
Log In

You Might Also Like...

Show Comments

Extras

Top Quizzes Today


Score Distribution

Your Account Isn't Verified!

In order to create a playlist on Sporcle, you need to verify the email address you used during registration. Go to your Sporcle Settings to finish the process.

Report this User

Report this user for behavior that violates our Community Guidelines.

Details: